Sermones de Mr Lafitau, Obispo de Sisteron (Record no. 8737)

MARC details
000 -CABECERA
campo de control de longitud fija 01575nam a2200253 a 4500
001 - NÚMERO DE CONTROL
campo de control BRCA_9087
005 - FECHA Y HORA DE LA ÚLTIMA TRANSACCIÓN
campo de control 20190320210522.0
008 - DATOS DE LONGITUD FIJA--INFORMACIÓN GENERAL
campo de control de longitud fija 110917s1773----sp-#######---#000-0#spa-#
041 ## - CÓDIGO DE LENGUA
Código de lengua del texto/banda sonora o título independiente spa
044 ## - CÓDIGO DEL PAÍS DE LA ENTIDAD EDITORA/PRODUCTORA
Código MARC del país sp
084 ## - OTRO NÚMERO DE CLASIFICACIÓN
Número de clasificación BE171
Número de documento/Ítem .L34 1773
100 1# - ENTRADA PRINCIPAL--NOMBRE DE PERSONA
Nombre de persona Lafitau, Pierre François
Títulos y otros términos asociados al nombre Obispo de Sisteron
9 (RLIN) 21368
245 10 - MENCIÓN DE TÍTULO
Título Sermones de Mr Lafitau, Obispo de Sisteron
Mención de responsabilidad, etc. traducidos del idioma frances al español por Don Francisco Jacinto de Narva ; tomo quarto.
260 ## - PUBLICACIÓN, DISTRIBUCIÓN, ETC.
Lugar de publicación, distribución, etc. Madrid
Nombre del editor, distribuidor, etc. En la Imprenta de Francisco Xavier García
Fecha de publicación, distribución, etc. 1773
300 ## - DESCRIPCIÓN FÍSICA
Extensión 275 p. (t.4)
Dimensiones 20.6 x 15 cm.
500 ## - NOTA GENERAL
Nota general Con las licencias necesarias
500 ## - NOTA GENERAL
Nota general Estado físico: presenta encuadernación en pergamino, con lomo semi desprendido
500 ## - NOTA GENERAL
Nota general Con marca de fuego: “Procedencia de la marca: Convento de Santa María de los Ángeles de Churubusco, D.F.(1). Institución: Orden de Frailes Menores Descalzos. Provincia de San Diego de México. Descripción: Monograma formado por las iniciales: ´C´, ´H´, ´V´, ´R´, ´B´, ´S´, ´O´ que forman la palabra Churubusco. Observaciones: Rafael Sala, Carlos Krausse y David Saavedra Vega atribuyen esta marca al Convento de Nuestra Señora de los Angeles, de Churubusco, Ciudad de México. Ubicación de la marca en el libro: Canto inferior”
650 14 - PUNTO DE ACCESO ADICIONAL DE MATERIA--TÉRMINO DE MATERIA
Término de materia o nombre geográfico como elemento de entrada Sermones
Subdivisión cronológica Obras anteriores a 1800
9 (RLIN) 21369
700 1# - PUNTO DE ACCESO ADICIONAL--NOMBRE DE PERSONA
Nombre de persona Narva, Francisco Jacinto de
Término indicativo de función/relación tr.
9 (RLIN) 22457
856 ## - LOCALIZACIÓN Y ACCESO ELECTRÓNICOS
Nombre del host http://www.marcasdefuego.buap.mx:8180/xmLibris/projects/firebrand/item.jsp?repository=marcas_de_fuego&key=bb3aa23a.xml&num=22
902 ## - CATALOGADOR
Iniciales CFM
942 ## - ELEMENTOS DE PUNTO DE ACCESO ADICIONAL (KOHA)
Fuente del sistema de clasificación o colocación Library of Congress Classification
Tipo de ítem Koha Libros
Holdings
Estado de retiro Estado de pérdida Estado dañado No para préstamo Localización permanente Ubicación/localización actual Fecha de adquisición Total de préstamos Signatura topográfica completa Código de barras Fecha visto por última vez Precio válido a partir de Tipo de ítem Koha
El ejemplar forma parte de la colección y puede ser consultado según las políticas vigentes.       Biblioteca del Museo Franz Mayer (Rogerio Casas-Alatriste) Biblioteca del Museo Franz Mayer (Rogerio Casas-Alatriste) 11/09/2017   BE171 .L34 1773 CFM00443 22/03/2019 22/03/2019 Libros